Attractions by 1-star reviews - Statistics

General Stats
  • This quiz has been taken 3 times
  • The average score is 7 of 30
Answer Stats
Continent Review Attraction % Correct
Africa "These people are scammers. don't pay them to ride a camel!! halfway they will demand a lot of money from you in order to come back!!! don't trust them!!!!" Giza Necropolis
67%
North America "the scenery is quite disappointing only tumbleweeds and mid looking LA. too much work to climb to, i got many back cramps. almost gotten eaten by a wild animal. DANGEROUS ⚠️" Hollywood Sign
67%
South America "trust me its a hasstle to get there . tickets are hasstle. . everything is super expensive. not recommended , why its in the 7 wonders ? doesnt make sense . just like any other ruin . JUST that . save money and go somewhere else in peru" Machu Picchu
67%
North America "Would be cool if tickets were around $15, $50 is just greed and taking advantage of tourism. Just go to other places like Kerry Park or Gas works where you can see the Seattle skyline for free." Space Needle
67%
Oceania "You have to pay $80 bucks to enter when my taxes already pay for the upkeep, just to not be able to climb it, don’t even get me started on the fact that the hotels charge you extra, the rock it’s self yeah kinda good." Uluru
67%
Europe "Terrible accommodation. No personal service and even the showers didn't work properly." Auschwitz
33%
Asia "The worst „attraction” I’ve ever been on. Huuuuge crowd, every people pushing your back. We spend 1,5h in the queue to enter. And another hour to exit. Dirty windows you can’t even take a proper photo. WASTE OF TIME!!!" Burj Khalifa
33%
North America "This place is supposed to be sacred grounds. But somehow, scams and sleazy merchants are prevalent. From the parking to the tickets to the salesperson, it's a non-stop hassle, and it's a disgrace. Do better, Mexico 🇲🇽 😒" Chichén Itzá
33%
North America "🚫 Experience of Disrespectful, Unfair, and Discriminatory Treatment!🚫 The ****** is supposed to represent Canada, but what I experienced was shocking and humiliating." CN Tower
33%
Europe "My payment for tickets was refused, so no doubts this doestn't worth visiting neither top-floor, nor 2 floor. Worse experience ever. Sightseeing is free so dont be a piece of idiot by paying." Eiffel Tower
33%
Asia "Too Chinese" Forbidden City
33%
North America "My wife and one year old son fell down on escalators in *************. There was no support or helping people around. Security guy took details and said will call you . Never called us. Totally very bad experience. Not a good place to visit guys. Better go to Empire State building.!!" One World Trade Center
33%
South America "Lost my arm do to a turtle" Parque Nacional Galápagos
33%
Oceania "Genuinely love how all tourists take picture of this giant dish rack as if they have never done their dishes before. Amazing." Sydney Opera House
33%
Asia "Impressive building - but 1000 inr for foreigner and just 40 inr entrance fee for Indians is very bad racism - very sad & bad emotions. "all people are equal"?" Taj Mahal
33%
Africa "According to Wikipedia, this church cost 200 million euros and was paid for by the then-president. How does the president of a country where 40% of the population lives in poverty acquire so much private wealth?" Basilica of Our Lady of Peace
0%
Oceania "stunk o cheese, music hurt my ears, got seasick ive times,DONT COME HERE!" Bora-Bora
0%
Africa "Do not go there. Homeless people all round the castle it stinks. Water mout is dirty. What a disgrace. The local DA government should be ashamed. Such a real disaster!!!!" Castle of Good Hope
0%
South America "Very and stinky, just like the rest of Brazil, yuck!" Copacabana
0%
Europe "Two hours before closing, they don’t let tourists in, but many other people are allowed inside. This reinforces my impression that Milan is a “never come back” place." Duomo di Milano
0%
Africa "Casablanca was an absolute dump! Got the "Marrakesh Express" up there from Marrakesh (spookily enough) Wish we hadn't bothered - bombed out Arab town - no thanks!" Hassan II Mosque
0%
Asia "I will never go there again, I wouldn't even give it one star! The rooftop pool is filthy, and the staff casually use racist and sexist language. The staff are all low-intelligence and act as if they don't understand what you're saying. Even when you protest, they pretend not to understand and ignore you. The front desk staff has a dedicated reception area for Japanese guests, but they're all incompetent and only do reception work."
Marina Bay Sands
0%
Africa "i saw a giraffe" Mt Kilimanjaro
0%
South America "Dangerous place, please do not try to take your phone out there are millions of robbers" Obelisco
0%
South America "Come by subway and get lost at Luz Station!! No signs indicating how to get to Pina Luz. Nobody to give directions!" Pinacoteca de São Paulo
0%
Europe "2024 declared 139 M. Euros profit, last year 122M. Profit just from this beautiful building...what makes me wonder, is this in the name of God or in the name of profit?" Sagrada Família
0%
Oceania "December 2024: NZD 47‼️ Seriously now❓ Forget it‼️ 🤡 💥 …" Sky Tower
0%
Oceania "Beautiful library but I took my son to the children's quarter and a man came up to me and asked if I was with a kid. Very offensive behavior when I was just sitting there alone. Everyone is a bad person now." State Library Victoria
0%
Europe "Are you serious? Why should I pay to enter the temple????? And to whom??" St. Basil's Cathedral
0%
Asia "Do not go here. You wait 20 minutes to go up. You wait 20 minutes extra to go to the tembo galeria. You wait 20 minutes extra to get back to the observation desk. You wait 20 minutes extra to visit a 2 square meter glass floor. You wait 20 minutes extra to get down. It's so crowded you can barely move. Give me my 100 minutes lifetime back!!!" Tokyo Skytree
0%
No matching quizzes found
Score Distribution
Percent of People with Each Score
Percentile by Number Answered
Your Score History
You have not taken this quiz